000
00289nam a22001337a 4500
003
SGT
082
_a
616.89, B15K
100
_a
KUMARI, NEELAM
245
_a
BEHAVIORAL SCIENCE
260
_a
JALANDOR
_b
PV. PUB.
_c
2015
300
_a
158
650
_a
BEHAVIORAL SCIENCE
942
_2
ddc
_c
BK
999
_c
9202
_d
9202